000 01616cam a22004937i 4500
001 5622
003 FISKH
005 20241220123711.0
008 170706t20172017nyua j 000 1 eng d
010 _a 2017288500
020 _a9781534401051
_q(board book)
020 _a1534401059
_q(board book)
040 _aBTCTA
_beng
_cBTCTA
_erda
_dBDX
_dUAP
_dDYJ
_dSRC
_dB@L
_dOCLCO
_dIUK
_dSXP
_dOCLCO
_dFM0
_dDLC
050 _aQL49.C278
082 _a590
100 1 _aCarle, Eric,
245 1 0 _aMy First Peek-a-boo :
_bAnimals /
260 _aLittle Simon :
_bNew York,
_c2017.
300 _a16 unnumbered pages :
_bcolor illustrations ;
_c18 cm.
336 _atext
_btxt
_2rdacontent
336 _astill image
_bsti
_2rdacontent
337 _aunmediated
_bn
_2rdamedia
338 _avolume
_bnc
_2rdacarrier
490 1 _aThe world of Eric Carle
490 1 _aA lift-the-flap book
500 _aTitle from cover.
500 _aOn board pages.
505 _aF
520 _aRead a rhyme, and then lift a flap to reveal an animal in this game of peek-a-boo! --
521 8 _a300
_bLexile estimate
521 8 _aF
_bRaz-Plus
650 0 _aAnimals
_vJuvenile literature.
650 0 _aBoard books
_vJuvenile literature.
650 0 _aAnimals
_vJuvenile fiction.
650 1 _aLift-the-flap books.
650 1 _aToy and movable books.
655 7 _aStories in rhyme.
_2lcgft
655 7 _aToy and movable books.
_2lcgft
655 7 _aLift-the-flap books.
_2lcgft
655 7 _aBoard books.
_2lcgft
906 _a7
_bcbc
_ccopycat
_d2
_encip
_f20
_gy-gencatlg
942 _2ddc
_cBK
_n0
999 _c5622
_d5622